| 000 | 00624nam a22001937a 4500 | ||
|---|---|---|---|
| 005 | 20251017161136.0 | ||
| 010 | _aENG-144384 | ||
| 020 |
_a9789389800111 _c945.00 |
||
| 035 | _aEN-127916 | ||
| 037 | _bDBAD | ||
| 082 |
_a546.076 _21 |
||
| 100 |
_aIqbal S Bhatti _985505 |
||
| 245 |
_aNcert Neet & You Biology For Class 11+12/ _cIqbal S Bhatti |
||
| 250 | _a1 | ||
| 260 |
_aNew Delhi _bS. Vinesh & Co. _c2024 |
||
| 270 |
_aGali No 3, Mohalla Panjabian, Ansari Road, Darya Ganj _bNew Delhi _k011-23250628 _msdineshbengaluru@rediffmail.com |
||
| 300 |
_avpp. _c28cm(pb) |
||
| 942 |
_2ddc _cEN _h546.076 _mBHA |
||
| 999 |
_c210624 _d210624 |
||